Comuni della Provincia di Campobasso (con mappa) - Statistics

Statistiche generali
  • Questo quiz è stato fatto 16 volte
  • Il punteggio medio è 47 su 84
Risposte nella Mappa
Le risposte nella mappa del quiz sottostante sono codificate secondo una scala di colori dal rosso al verde in base alla % di persone che hanno risposto correttamente.
 
Statistiche sulle risposte
Risposta % Corretto
Campomarino
100%
Termoli
100%
Campobasso
91%
Montenero di Bisaccia
91%
Bojano
82%
Larino
82%
Acquaviva Collecroce
73%
Molise
73%
Sepino
73%
Trivento
73%
Busso
64%
Cercemaggiore
64%
Cercepiccola
64%
Guardialfiera
64%
Guglionesi
64%
Limosano
64%
Lupara
64%
Mafalda
64%
Montagano
64%
Montemitro
64%
Palata
64%
Portocannone
64%
Riccia
64%
Ripalimosani
64%
Salcito
64%
San Felice del Molise
64%
San Giacomo degli Schiavoni
64%
San Giuliano di Puglia
64%
San Martino in Pensilis
64%
Sant'Angelo Limosano
64%
Tavenna
64%
Vinchiaturo
64%
Baranello
55%
Bonefro
55%
Campodipietra
55%
Casacalenda
55%
Castelbottaccio
55%
Castellino del Biferno
55%
Castelmauro
55%
Guardiaregia
55%
Lucito
55%
Matrice
55%
Montecilfone
55%
Montefalcone nel Sannio
55%
Oratino
55%
Petacciato
55%
Pietracupa
55%
Roccavivara
55%
Rotello
55%
San Biase
55%
San Massimo
55%
San Polo Matese
55%
Spinete
55%
Torella del Sannio
55%
Toro
55%
Tufara
55%
Ururi
55%
Campochiaro
45%
Campolieto
45%
Civitacampomarano
45%
Colle d'Anchise
45%
Colletorto
45%
Fossalto
45%
Gildone
45%
Jelsi
45%
Mirabello Sannitico
45%
Monacilioni
45%
Montorio nei Frentani
45%
Morrone del Sannio
45%
Petrella Tifernina
45%
Pietracatella
45%
Provvidenti
45%
San Giovanni in Galdo
45%
San Giuliano del Sannio
45%
Sant'Elia a Pianisi
45%
Casalciprano
36%
Castropignano
36%
Duronia
36%
Ferrazzano
36%
Gambatesa
36%
Macchia Valfortore
36%
Montelongo
36%
Ripabottoni
36%
Santa Croce di Magliano
36%
Nessun quiz corrispondente trovato
Distribuzione punteggi
Percentuale di utenti per punteggio
Percentile per numero di risposta
I tuoi punteggi nel tempo
Non hai fatto questo quiz